| 000 | 00331cam a22001217a 4500 | ||
|---|---|---|---|
| 008 | 180718b1983 xxu||||| |||| 00| 0 eng d | ||
| 082 | _aT108 R252 | ||
| 100 | _aReekie, W.D. | ||
| 245 |
_aMacroeconomics for managers _cby W.D. Reekie |
||
| 260 |
_aDelhi _bHeritage _c1983 |
||
| 300 | _a163p. | ||
| 650 | _aEconomics - Statistical models | ||
| 999 |
_c352312 _d352312 |
||